000 00655nam a2200241Ia 4500
003 0100
005 20161214083909.0
008 130303s9999 xx 000 0 und d
020 _a0385413629
040 _cARRUPELIB
050 _aREF. BS192.2.A11964.G3 1993
100 _aNeyrey, Jerome H
_928023
245 _a2 Peter, Jude
250 _a1st ed.
260 _aNew york
260 _bDoubleday & Co.
300 _aix
300 _b 287p. 25cm.
440 _aThe anchor bible series ; v. 37c
_928024
650 _aBible. N.T.
_xPeter, 2nd-Commentaries
_928025
650 _bBible. N.T. Jude
_xCommentaries
_928026
942 _2lcc
_cMONOGRAPH
999 _c18874
_d18874